| 000 | 00481nam a2200169 i 4500 | ||
|---|---|---|---|
| 001 | 141087 | ||
| 003 | ES-MaACL | ||
| 005 | 20230906200223.0 | ||
| 007 | t| | ||
| 008 | 070919s1973 sp ||||1| spa d | ||
| 100 | 1 |
_aYuan, Mao-Ju. _9117725 |
|
| 245 | 1 | 4 |
_aLas realidades de la China de Mao / _cMao-Ju Yuan. |
| 260 |
_aMadrid : _bNos, _c1973. |
||
| 300 |
_a154 p. ; _c21 cm. |
||
| 651 | 4 |
_aChina- _xPolĂtica y gobierno- _y1949-1976. _98057 |
|
| 852 |
_aES-MaACL _jC-54795 _bR.87300 |
||
| 999 |
_c141087 _d141087 |
||